Name a Valid Capital A-Z - Statistics

General Stats
  • This quiz has been taken 387 times
  • The average score is 19 of 24
Answer Stats
Name a capital.. Letter Answer % Correct
That is in Africa A Abuja | Accra | Addis Ababa | Algiers | Antananarivo | Asmara
93%
That is on the Danube River B Belgrade | Bratislava | Budapest
93%
In Europe M Madrid | Minsk | Monaco | Moscow
93%
That is in Asia J Jakarta | Jerusalem
91%
Of a country with land above the Arctic Circle O Oslo | Ottawa
89%
That start with "Port" P Port Louis | Port Moresby | Port Vila | Port-au-Prince | Port of Spain | Porto-Novo
88%
That is in South America Q Quito
88%
Starts wiht "Ha" H Hanoi | Harare | Havana
86%
In the -stan countries I Islamabad
86%
Of a European Micronation V Vaduz | Valletta | Vatican City
86%
That is in North or South America G Georgetown | Guatemala City
85%
In the Biggest Cities in the World Quiz L Lima | London | Luanda
85%
In Mongolia U Ulaanbaatar
84%
That starts with a form of "Saint" S St. George's | St. John's | San Jose | San Marino | San Salvador | Santiago | Santo Domingo | Sao Tome
80%
That is not the official capital of the country C Cape Town | Cotonou
75%
With over 7 million residents W Washington
73%
That is on the Atlantic Ocean D Dakar | Dublin
72%
That is not in Asia T Tallinn | Tegucigalpa | Tirana | Tripoli | Tunis
72%
Of a not landlocked country Z Zagreb
65%
Of an island country N Nassau | Ngerulmud | Nicosia | Nuku'alofa
63%
That is not on the Atlantic Ocean R Riyadh | Rome
63%
With over 1 million residents Y Yaounde | Yerevan
59%
That is the capital of a monarchy country K Kuala Lumpur | Kuwait City
55%
With under 1 million residents F Funafuti
49%
No matching quizzes found
Score Distribution
Percent of People with Each Score
Percentile by Number Answered
Your Score History
You have not taken this quiz